<?xml version="1.0" encoding="UTF-8"?>
<record
    xmlns:xsi="http://www.w3.org/2001/XMLSchema-instance"
    xsi:schemaLocation="http://www.loc.gov/MARC21/slim http://www.loc.gov/standards/marcxml/schema/MARC21slim.xsd"
    xmlns="http://www.loc.gov/MARC21/slim">

  <leader>00982nam a2200181Ia 4500</leader>
  <controlfield tag="008">120626s2002    mx            000 0 spa d</controlfield>
  <datafield tag="020" ind1=" " ind2=" ">
    <subfield code="a">978-970-686-245-7</subfield>
  </datafield>
  <datafield tag="050" ind1=" " ind2=" ">
    <subfield code="a">LB2369</subfield>
    <subfield code="b"> J9 2002</subfield>
  </datafield>
  <datafield tag="100" ind1=" " ind2=" ">
    <subfield code="a">Jurado Rojas, Yolanda</subfield>
    <subfield code="e">autor</subfield>
  </datafield>
  <datafield tag="245" ind1=" " ind2=" ">
    <subfield code="a">APA, MLA, ML T&#xE9;cnicas de investigaci&#xF3;n documental</subfield>
    <subfield code="b">: Manual para la elaboraci&#xF3;n de tesis, monograf&#xED;as, ensayos e informes acad&#xE9;micos </subfield>
    <subfield code="c">/ Yolanda, Jurado Rojas</subfield>
  </datafield>
  <datafield tag="260" ind1=" " ind2=" ">
    <subfield code="a">M&#xE9;xico</subfield>
    <subfield code="b">: Cengage Learning</subfield>
    <subfield code="c">2002</subfield>
  </datafield>
  <datafield tag="300" ind1=" " ind2=" ">
    <subfield code="a">236 p&#xE1;ginas</subfield>
  </datafield>
  <datafield tag="505" ind1=" " ind2=" ">
    <subfield code="a">Aspectos metodol&#xF3;gicos  
Sistemas de informaci&#xF3;n  
Seleci&#xF3;n de tema  
T&#xE9;cnicas de investigaci&#xF3;n documental   
Redacci&#xF3;n de un informe acad&#xE9;mico  
Modelo editorial de la asociaci&#xF3;n americana de psicolog&#xED;a  
Modelo editorial de la asociaci&#xF3;n de lenguas modernas (MLA)   
Modelo editorial latino (ML)   </subfield>
  </datafield>
  <datafield tag="519" ind1=" " ind2=" ">
    <subfield code="a">Material complementario </subfield>
    <subfield code="d">(11 007868)</subfield>
  </datafield>
  <datafield tag="650" ind1=" " ind2="0">
    <subfield code="a">TESIS</subfield>
    <subfield code="v">METODOLOG&#xCD;A</subfield>
    <subfield code="x">MANUALES</subfield>
  </datafield>
  <datafield tag="650" ind1=" " ind2="0">
    <subfield code="a">INVESTIGACI&#xD3;N</subfield>
    <subfield code="x">METODOLOG&#xCD;A</subfield>
  </datafield>
  <datafield tag="942" ind1=" " ind2=" ">
    <subfield code="c">LB</subfield>
    <subfield code="2">ddc</subfield>
  </datafield>
  <datafield tag="952" ind1=" " ind2=" ">
    <subfield code="0">0</subfield>
    <subfield code="1">0</subfield>
    <subfield code="4">0</subfield>
    <subfield code="7">0</subfield>
    <subfield code="a">11</subfield>
    <subfield code="b">11</subfield>
    <subfield code="d">2009-06-18</subfield>
    <subfield code="l">4</subfield>
    <subfield code="o">LB2369 J9 2002</subfield>
    <subfield code="p">11 007868</subfield>
    <subfield code="r">2014-06-02</subfield>
    <subfield code="s">2014-06-02</subfield>
    <subfield code="t">1</subfield>
    <subfield code="w">2012-06-26</subfield>
    <subfield code="y">LB</subfield>
  </datafield>
  <datafield tag="999" ind1=" " ind2=" ">
    <subfield code="c">72242</subfield>
    <subfield code="d">72242</subfield>
  </datafield>
</record>
